Statistiken für Filme erraten mit Bildern - Buchstabe A

Klicken Sie hier um das Quiz zu spielen!

Allgemein

  • Dieses Quiz wurde 488 mal gespielt
    (482 seit der letzten Aktualisierung)
  • Das Durchschnittsergebnis liegt bei 8 aus 16

Antwortstatistiken

Antwort% Korrekt
Avatar
98%
Aladdin
90%
Alien
83%
Alice im Wunderland
82%
The Addams Family
80%
Annabelle
72%
American Pie
60%
A Star is born
55%
American Psycho
53%
Alita : Battle Angel
35%
Ace Ventura
32%
Akte X - Jenseits der Wahrheit
26%
Anchorman
20%
Annie
14%
Agent Cody Banks
9%
Angriff der Killertomaten
7%

Verteilung der Resultate

Perzentil nach korrekt beantworteten Fragen

Anzahl Personen mit jedem Resultat

Ihre Resultats-Entwicklung

Sie haben dieses Quiz seit der letzten Aktualisierung nicht gespielt